Задачи по общей и прикладной физике: учебное пособие

Bibliographic Details
Other Authors: Козлов В. Ф. Виталий Федорович, Маношкин Ю. В. Юрий Владимирович, Миллер А. Б. Алексей Борисович, Петров Ю. В. Юрий Васильевич, Ромишевский Е. А. Евгений Анатольевич, Стасенко А. Л. Альберт Леонидович
Summary:Основная часть учебного пособия представлена оригинальными задачами, составленными преподавателями кафедры физики факультета аэромеханики и летательной техники (ФАЛТ) Московского физико-технического института. Эти задачи в раз­ные годы почти полувековой истории факультета предлагались студентам ФАЛТ на семестровых письменных экзаменах, в кон­трольных работах и заданиях по физике для самостоятельного решения. Вместе с тем в сборник включено несколько групп задач, посвященных практическим вопросам, обычно не рассматри­ваемым в курсах общей физики. Они могут представлять ин­терес не только для студентов, но и для инженеров, а также для всех интересующихся проблемами современной инженерной практики и техники. Для студентов инженерно-физических специальностей уни­верситетов, преподавателей физики высшей школы, а также для самостоятельного знакомства с основными разделами общей физики.
Language:Russian
Published: Долгопрудный, Интеллект, 2018
Edition:2-е изд.
Series:Физтеховский учебник
Subjects:
Format: MixedMaterials Book
KOHA link:https://koha.lib.tpu.ru/cgi-bin/koha/opac-detail.pl?biblionumber=343410

MARC

LEADER 00000nam0a2200000 4500
001 343410
005 20231102005545.0
010 |a 9785915592543 
035 |a (RuTPU)RU\TPU\book\373616 
035 |a RU\TPU\book\306167 
090 |a 343410 
100 |a 20190916d2018 m y0rusy50 ca 
101 0 |a rus 
102 |a RU 
105 |a a j 000zy 
200 1 |a Задачи по общей и прикладной физике  |e учебное пособие  |f В. Ф. Козлов [и др.] 
205 |a 2-е изд. 
210 |a Долгопрудный  |c Интеллект  |d 2018 
215 |a 453 с.  |c ил. 
225 1 |a Физтеховский учебник 
330 |a Основная часть учебного пособия представлена оригинальными задачами, составленными преподавателями кафедры физики факультета аэромеханики и летательной техники (ФАЛТ) Московского физико-технического института. Эти задачи в раз­ные годы почти полувековой истории факультета предлагались студентам ФАЛТ на семестровых письменных экзаменах, в кон­трольных работах и заданиях по физике для самостоятельного решения. Вместе с тем в сборник включено несколько групп задач, посвященных практическим вопросам, обычно не рассматри­ваемым в курсах общей физики. Они могут представлять ин­терес не только для студентов, но и для инженеров, а также для всех интересующихся проблемами современной инженерной практики и техники. Для студентов инженерно-физических специальностей уни­верситетов, преподавателей физики высшей школы, а также для самостоятельного знакомства с основными разделами общей физики. 
606 1 |a Физика  |2 stltpush  |3 (RuTPU)RU\TPU\subj\63709  |9 80688 
610 1 |a общая физика 
610 1 |a прикладная физика 
610 1 |a задачи 
610 1 |a решения 
610 1 |a примеры 
610 1 |a механика 
610 1 |a молекулярная физика 
610 1 |a термодинамика 
610 1 |a электричество 
610 1 |a магнетизм 
610 1 |a колебания 
610 1 |a волны 
610 1 |a атомная физика 
610 1 |a ядерная физика 
610 1 |a элементарные частицы 
610 1 |a твердые тела 
610 1 |a учебные пособия 
675 |a 53(076)  |v 4 
701 1 |a Козлов  |b В. Ф.  |g Виталий Федорович 
701 1 |a Маношкин  |b Ю. В.  |g Юрий Владимирович 
701 1 |a Миллер  |b А. Б.  |g Алексей Борисович 
701 1 |a Петров  |b Ю. В.  |g Юрий Васильевич 
701 1 |a Ромишевский  |b Е. А.  |g Евгений Анатольевич 
701 1 |a Стасенко  |b А. Л.  |g Альберт Леонидович 
801 1 |a RU  |b 63413507  |c 20150129 
801 2 |a RU  |b 63413507  |c 20191024  |g RCR 
900 |a Общая физика 
900 |a Прикладная физика 
942 |c BK